[Event "Valles Occident-ch U12"]
[Site "Barcelona"]
[Date "2014.02.15"]
[Round "3.1"]
[White "Martinez Perez, Sergio"]
[Black "Borges De Clasca, David"]
[Result "1-0"]
[WhiteElo "1882"]
[BlackElo "1704"]
[PlyCount "95"]
[EventDate "2014.02.01"]
[EventType "swiss"]
[EventRounds "6"]
[EventCountry "ESP"]
[SourceTitle "EXT 2024"]
[Source "ChessBase"]
[SourceDate "2023.10.10"]
[SourceVersion "1"]
[SourceVersionDate "2023.10.10"]
[SourceQuality "1"]

1. e4 e6 2. d4 d5 3. e5 c5 4. c3 Qb6 5. Nf3 Bd7 6. a3 Bb5 7. Be2 Bxe2 8. Qxe2 Nc6 9. Be3 c4 10. 0-0 Nge7 11. Qc2 Ng6 12. Nbd2 Na5 13. Rab1 Nb3 14. Nxb3 Qxb3 15. Qxb3 cxb3 16. Nd2 Be7 17. Nxb3 0-0 18. Rbc1 Rac8 19. f4 f6 20. exf6 Rxf6 21. Rc2 Rcf8 22. Rcf2 Bd6 23. g3 h5 24. Nc1 b5 25. Nd3 Ne7 26. Ne5 Nf5 27. Bd2 Bxe5 28. fxe5 R6f7 29. Bg5 Kh7 30. Bh4 Kh6 31. g4 hxg4 32. Bg3 Kh5 33. Bf4 Kh4 34. Kg2 g6 35. Bd2 Kh5 36. Kg1 Kh4 37. Rg2 g3 38. Be1 Kh3 39. hxg3 Nxg3 40. Rxg3+ Kh4 41. Rgf3+ Kg5 42. Rxf7 Rxf7 43. Rxf7 Kh5 44. Rf6 g5 45. Rxe6 Kg4 46. Rf6 Kh5 47. e6 g4 48. e7 1-0